2024-25 Philadelphia Eagles Roster - Statistics

General Stats
  • This quiz has been taken 575 times
  • The average score is 37 of 53
Answer Stats
Hint Answer % Correct
QB Jalen Hurts
99%
RB Saquon Barkley
98%
WR A.J. Brown
97%
FS Sydney Brown
97%
WR Ainias Smith
96%
WR DeVonte Smith
96%
SLB Nolan Smith
96%
QB Kenny Pickett
93%
SS C.J. Gardner-Johnson
92%
LT Fred Johnson
92%
RT Lane Johnson
92%
NB Cooper DeJean
89%
PR Cooper DeJean
89%
TE Dallas Goedert
89%
WR Jahan Dotson
87%
RB Kenneth Gainwell
87%
C Cam Jurgens
82%
QB Tanner McKee
81%
RCB Darius Slay
80%
DE Jalen Carter
80%
LT Jordan Mailata
80%
LG Landon Dickerson
78%
K Jake Elliott
77%
LLB Zach Baun
77%
HC Nick Sirianni
76%
LCB Quinyon Mitchell
76%
FS Reed Blankenship
76%
RB Will Shipley
76%
TE Grant Calcaterra
72%
NT Jordan Davis
72%
RLB Nakobe Dean
67%
WLB Brandon Graham
65%
RG Mekhi Becton
65%
P Braden Mann
64%
OC Kellen Moore
64%
DC Vic Fangio
64%
WR Johnny Wilson
62%
SLB Josh Sweat
62%
WR Britain Covey
53%
DE Milton Williams
53%
NB Avonte Maddox
50%
RCB Isiah Rodgers
48%
KR Isiah Rodgers
48%
RG Tyler Steen
48%
WLB Bryce Huff
45%
LS RIck Lovato
44%
LCB Kelee Ringo
40%
TE Jack Stoll
37%
DE Moro Ojomo
37%
SS Tristin McCollum
27%
RT Jack Driscoll
19%
C Nick Gates
19%
LG Darian Kinnard
16%
No matching quizzes found
Score Distribution
Percent of People with Each Score
Percentile by Number Answered
Your Score History
You have not taken this quiz